[Event "Titled Tuesday intern op 08th Aug Early"]
[Site "Chess.com INT"]
[Date "2023.08.08"]
[Round "6"]
[White "Agibileg, Uurtsaikh"]
[Black "Salman, Pavel"]
[Result "0-1"]
[WhiteElo "2441"]
[BlackElo "2287"]
[PlyCount "92"]
[EventDate "2023.08.08"]
[EventType "swiss (blitz)"]
[EventRounds "11"]
[EventCountry "USA"]
[SourceTitle "EXT 2024"]
[Source "ChessBase"]
[SourceDate "2023.10.10"]
[SourceVersion "1"]
[SourceVersionDate "2023.10.10"]
[SourceQuality "1"]

1. d4 Nf6 2. c4 c5 3. d5 b5 4. cxb5 a6 5. b6 e6 6. dxe6 fxe6 7. Nf3 Be7 8. e3 0-0 9. Bd3 Qxb6 10. 0-0 Nc6 11. b3 Kh8 12. Bb2 a5 13. Nbd2 d5 14. e4 a4 15. Rb1 a3 16. Ba1 Nb4 17. Be2 Nxa2 18. Ng5 Nb4 19. h4 a2 20. Rc1 Bd7 21. e5 Ng8 22. Ndf3 Be8 23. Bd3 Nxd3 24. Qxd3 Bg6 25. Qe3 Nh6 26. Nh3 Nf5 27. Qd2 Nxh4 28. Nfg5 Ra3 29. Rc3 d4 30. Rg3 Rxb3 31. Qxa2 Rxg3 32. fxg3 Nf5 33. Nxe6 Bf7 34. Nhf4 g5 35. Qc2 Bxe6 36. Nxe6 Qxe6 37. g4 Ne3 38. Rxf8+ Bxf8 39. Qe4 Qxg4 40. Qa8 Qxg2+ 41. Qxg2 Nxg2 42. Kxg2 Kg8 43. Kf3 Kf7 44. Ke4 Ke6 45. Bb2 Bg7 46. Bc1 h6 0-1

[Event "Titled Tuesday intern op 08th Aug Early"]
[Site "Chess.com INT"]
[Date "2023.08.08"]
[Round "2"]
[White "Salman, Pavel"]
[Black "Tanenbaum, Zachary Chen"]
[Result "0-1"]
[WhiteElo "2287"]
[BlackElo "2279"]
[PlyCount "116"]
[EventDate "2023.08.08"]
[EventType "swiss (blitz)"]
[EventRounds "11"]
[EventCountry "USA"]
[SourceTitle "EXT 2024"]
[Source "ChessBase"]
[SourceDate "2023.10.10"]
[SourceVersion "1"]
[SourceVersionDate "2023.10.10"]
[SourceQuality "1"]

1. d4 d5 2. Nc3 Nf6 3. Bf4 a6 4. e3 Bf5 5. Be2 e6 6. g4 Bg6 7. g5 Nfd7 8. h4 Bb4 9. h5 Bf5 10. Nf3 c5 11. Bd6 Qb6 12. dxc5 Nxc5 13. Be5 Rg8 14. a3 Bxc3+ 15. Bxc3 Nc6 16. Nd4 Nxd4 17. Qxd4 Bxc2 18. Rc1 Bf5 19. Bb4 Nd3+ 20. Bxd3 Qxd4 21. exd4 Bxd3 22. Rc7 a5 23. Bc5 b6 24. Bxb6 Rb8 25. Bxa5 f6 26. Bb4 fxg5 27. Re7+ Kd8 28. Rxe6 Re8 29. Rxe8+ Kxe8 30. Kd2 Be4 31. Rc1 Kd7 32. Rg1 h6 33. f4 gxf4 34. Rxg7+ Ke6 35. Rc7 Rg8 36. Rc6+ Kf5 37. Rxh6 Rg2+ 38. Kd1 f3 39. Rh8 f2 40. Rf8+ Kg4 41. Ke2 Bf3+ 42. Rxf3 f1Q+ 43. Kxf1 Kxf3 44. Bd6 Rxb2 45. Ke1 Re2+ 46. Kd1 Re4 47. Be5 Rh4 48. a4 Rxh5 49. Kd2 Rh6 50. Kc3 Rb6 51. a5 Rb1 52. a6 Ra1 53. Kb4 Rxa6 54. Kc5 Ke4 55. Kb5 Ra2 56. Kc5 Rc2+ 57. Kd6 Rc4 58. Ke6 Rxd4 0-1

[Event "Titled Tuesday intern op 25th Jul Early"]
[Site "Chess.com INT"]
[Date "2023.07.25"]
[Round "6"]
[White "Salman, Pavel"]
[Black "Kayis, Gulcan Sena"]
[Result "1-0"]
[WhiteElo "2287"]
[BlackElo "1774"]
[PlyCount "121"]
[EventDate "2023.07.25"]
[EventType "swiss (blitz)"]
[EventRounds "11"]
[EventCountry "USA"]
[SourceTitle "EXT 2024"]
[Source "ChessBase"]
[SourceDate "2023.10.10"]
[SourceVersion "1"]
[SourceVersionDate "2023.10.10"]
[SourceQuality "1"]

1. c4 Nf6 2. b3 e6 3. Bb2 Be7 4. d4 d5 5. Nf3 c6 6. Ne5 0-0 7. e3 Nbd7 8. f4 c5 9. Be2 dxc4 10. bxc4 cxd4 11. exd4 Qb6 12. Qb3 Bb4+ 13. Nc3 Bxc3+ 14. Bxc3 Ne4 15. Nxd7 Qxb3 16. axb3 Bxd7 17. Bb4 Rfd8 18. Bf3 Bc6 19. Rd1 a5 20. Ba3 Nc3 21. Rd3 Ne4 22. 0-0 Nf6 23. Bxc6 bxc6 24. Bc5 Rab8 25. Ra1 Ra8 26. Bb6 Rd7 27. Rxa5 Rxa5 28. Bxa5 Kf8 29. Kf2 Ne4+ 30. Ke3 f5 31. g4 g6 32. g5 Ke8 33. h4 Ra7 34. b4 Kd7 35. d5 cxd5 36. cxd5 Rb7 37. dxe6+ Kxe6 38. Rd8 Nd6 39. Kd4 Nf7 40. Re8+ Kd7 41. Rf8 Ke7 42. Ra8 Rd7+ 43. Kc5 Rd1 44. b5 Rf1 45. Bc7 Rc1+ 46. Kb6 Kd7 47. Ra7 Kc8 48. Be5 Nxe5 49. fxe5 f4 50. Rxh7 f3 51. e6 Kd8 52. Rf7 Re1 53. Rf8+ Ke7 54. Rxf3 Rxe6+ 55. Kc7 Re4 56. b6 Rxh4 57. Re3+ Kf8 58. b7 Rc4+ 59. Kd7 Rd4+ 60. Kc6 Rc4+ 61. Kb5 1-0

[Event "Titled Tuesday intern op 25th Jul Early"]
[Site "Chess.com INT"]
[Date "2023.07.25"]
[Round "7"]
[White "Skliarov, Viktor"]
[Black "Salman, Pavel"]
[Result "0-1"]
[WhiteElo "2383"]
[BlackElo "2287"]
[PlyCount "42"]
[EventDate "2023.07.25"]
[EventType "swiss (blitz)"]
[EventRounds "11"]
[EventCountry "USA"]
[SourceTitle "EXT 2024"]
[Source "ChessBase"]
[SourceDate "2023.10.10"]
[SourceVersion "1"]
[SourceVersionDate "2023.10.10"]
[SourceQuality "1"]

1. e4 g6 2. d4 Bg7 3. Nc3 c5 4. dxc5 Qc7 5. Nd5 Qxc5 6. Be3 Qa5+ 7. c3 Nf6 8. Nxf6+ Bxf6 9. Bh6 d6 10. Bd3 Nc6 11. Nf3 Bg4 12. Qb3 Rb8 13. Bb5 Rc8 14. Bc4 Nd8 15. h3 Bxf3 16. gxf3 a6 17. Bd2 Qh5 18. Be2 0-0 19. f4 Qh4 20. f5 Qxe4 21. 0-0 Qxe2 0-1

[Event "Titled Tuesday intern op 27th Jun Early"]
[Site "Chess.com INT"]
[Date "2023.06.27"]
[Round "3"]
[White "Philippe, Guillaume"]
[Black "Salman, Pavel"]
[Result "0-1"]
[WhiteElo "2350"]
[BlackElo "2287"]
[PlyCount "132"]
[EventDate "2023.06.27"]
[EventType "swiss (blitz)"]
[EventRounds "11"]
[EventCountry "USA"]
[SourceTitle "EXT 2024"]
[Source "ChessBase"]
[SourceDate "2023.10.10"]
[SourceVersion "1"]
[SourceVersionDate "2023.10.10"]
[SourceQuality "1"]

1. e4 c5 2. Nf3 e6 3. d4 cxd4 4. Nxd4 a6 5. c4 Nf6 6. Nc3 Qc7 7. Be2 b6 8. 0-0 Bb7 9. f3 d6 10. Be3 Be7 11. Nc2 Nbd7 12. b3 0-0 13. Qd2 Rac8 14. Rac1 Qb8 15. Nd4 Rfe8 16. Qe1 Bd8 17. Qg3 Bc7 18. Bh6 Nh5 19. Qg5 g6 20. Qh4 Bd8 21. Bg5 f6 22. Be3 Ng7 23. Qh6 Ne5 24. Qh3 h5 25. Rcd1 b5 26. f4 Nf7 27. Bd3 b4 28. Nce2 e5 29. fxe5 dxe5 30. Nc2 Ne6 31. Nxb4 Nfg5 32. Qg3 Kh7 33. h4 Nxe4 34. Bxe4 Bxe4 35. Rd7+ Re7 36. Rxe7+ Bxe7 37. Nd5 Bxd5 38. cxd5 Ng7 39. Kh2 Rc2 40. Ng1 Qd6 41. Qf3 e4+ 42. Qg3 Qxd5 43. Nh3 Bd6 44. Bf4 Nf5 45. Bxd6 Nxg3 46. Bxg3 e3 47. Nf4 e2 48. Rc1 Rxc1 49. Nxd5 e1Q 50. Bxe1 Rxe1 51. Nxf6+ Kg7 52. Nd5 Ra1 53. a4 Rb1 54. b4 Kf7 55. Nc7 Rxb4 56. Nxa6 Rxh4+ 57. Kg3 Rxa4 58. Nc5 Rd4 59. Kh2 Kf6 60. Nb3 Rd3 61. Nc5 Re3 62. Nd7+ Ke6 63. Nf8+ Kf7 64. Nd7 Ke7 65. Nc5 Kd6 66. Na4 Rb3 0-1

[Event "Titled Tuesday intern op 09th May Early"]
[Site "Chess.com INT"]
[Date "2023.05.09"]
[Round "8"]
[White "Mirzoev, Azer"]
[Black "Salman, Pavel"]
[Result "1-0"]
[WhiteElo "2416"]
[BlackElo "2287"]
[PlyCount "93"]
[EventDate "2023.05.09"]
[EventType "swiss (blitz)"]
[EventRounds "11"]
[EventCountry "USA"]
[SourceTitle "CBM 214 Extra"]
[Source "ChessBase"]
[SourceDate "2023.07.31"]
[SourceVersion "1"]
[SourceVersionDate "2023.07.31"]
[SourceQuality "1"]

1. e4 c5 2. Nc3 e6 3. g3 d6 4. Bg2 Nf6 5. d3 Nc6 6. f4 g6 7. Nh3 Bg7 8. 0-0 Nd4 9. Ne2 Nd7 10. c3 Nxe2+ 11. Qxe2 Qe7 12. Bd2 0-0 13. Rae1 Rb8 14. f5 exf5 15. exf5 Qxe2 16. Rxe2 gxf5 17. Bf4 Ne5 18. d4 cxd4 19. cxd4 Nc4 20. Rd1 Rd8 21. b3 Nb6 22. Bg5 f6 23. Bh4 Bd7 24. Nf4 Re8 25. Rf2 Kf7 26. Bf3 Re3 27. Bh5+ Kg8 28. d5 Rc8 29. Ne6 Bxe6 30. dxe6 Rxe6 31. Rxf5 Rc5 32. Rxc5 dxc5 33. Rd8+ Bf8 34. Bf3 Kg7 35. Rb8 Kg6 36. Rxf8 c4 37. bxc4 Nxc4 38. Bd5 Re1+ 39. Kf2 Rc1 40. Be4+ Kg7 41. Rc8 b5 42. Rc7+ Kf8 43. Bxf6 Ke8 44. Bxh7 Rd1 45. Bg6+ Kf8 46. Rc8+ Rd8 47. Rxd8# 1-0

[Event "Titled Tuesday intern op 09th May Early"]
[Site "Chess.com INT"]
[Date "2023.05.09"]
[Round "4"]
[White "Salman, Pavel"]
[Black "Sadykov, Ramil"]
[Result "1-0"]
[WhiteElo "2287"]
[BlackElo "2345"]
[PlyCount "69"]
[EventDate "2023.05.09"]
[EventType "swiss (blitz)"]
[EventRounds "11"]
[EventCountry "USA"]
[SourceTitle "CBM 214 Extra"]
[Source "ChessBase"]
[SourceDate "2023.07.31"]
[SourceVersion "1"]
[SourceVersionDate "2023.07.31"]
[SourceQuality "1"]

1. d4 Nf6 2. Nc3 d5 3. Bf4 Bf5 4. Nb5 Na6 5. e3 c6 6. Nc3 e6 7. f3 Bd6 8. Bxa6 bxa6 9. Nge2 c5 10. Bxd6 Qxd6 11. dxc5 Qxc5 12. Qd4 Qb6 13. 0-0-0 0-0-0 14. g4 Bg6 15. h4 Qxd4 16. exd4 h5 17. Nf4 hxg4 18. Nxg6 fxg6 19. fxg4 Nxg4 20. Rdg1 Ne3 21. Rxg6 Nf5 22. Rxe6 Nxd4 23. Rxa6 Kb7 24. Rg6 Nf5 25. Rf1 Ne3 26. Rxg7+ Kb8 27. Rff7 Rxh4 28. Rb7+ Ka8 29. Rxa7+ Kb8 30. Rgb7+ Kc8 31. Nb5 Rh2 32. Rc7+ Kb8 33. b3 d4 34. Rab7+ Ka8 35. Rb6 1-0

[Event "Titled Tuesday intern op 02nd May Early"]
[Site "Chess.com INT"]
[Date "2023.05.02"]
[Round "2"]
[White "Santos, Jose Guilherme B Li"]
[Black "Salman, Pavel"]
[Result "0-1"]
[WhiteElo "2386"]
[BlackElo "2287"]
[PlyCount "78"]
[EventDate "2023.05.02"]
[EventType "swiss (blitz)"]
[EventRounds "11"]
[EventCountry "USA"]
[SourceTitle "EXT 2024"]
[Source "ChessBase"]
[SourceDate "2023.10.10"]
[SourceVersion "1"]
[SourceVersionDate "2023.10.10"]
[SourceQuality "1"]

1. d4 Nf6 2. c4 c5 3. d5 b5 4. cxb5 a6 5. bxa6 g6 6. Nc3 Bg7 7. Nf3 0-0 8. Bf4 Qa5 9. e3 Nxd5 10. Be5 Bxe5 11. Nxe5 Nxc3 12. Qd2 Bxa6 13. Qxc3 Bxf1 14. Qxa5 Rxa5 15. Kxf1 d6 16. Nc4 Ra7 17. Ke2 Nc6 18. a3 Rb8 19. Rab1 d5 20. Nd2 e5 21. Rhc1 c4 22. f4 exf4 23. exf4 Nd4+ 24. Kf2 Re7 25. Re1 Reb7 26. Re5 Rxb2 27. Rxb2 Rxb2 28. Ke3 Nf5+ 29. Kf3 Rxd2 30. Re8+ Kg7 31. Rc8 d4 32. g4 Nd6 33. Rc6 Rd3+ 34. Ke2 Re3+ 35. Kf2 Ne4+ 36. Kf1 d3 37. h4 d2 38. Rxc4 d1Q+ 39. Kg2 Qd2+ 0-1

[Event "Titled Tuesday intern op 25th Apr Early"]
[Site "Chess.com INT"]
[Date "2023.04.25"]
[Round "1"]
[White "Caruana, Fabiano"]
[Black "Salman, Pavel"]
[Result "1-0"]
[WhiteElo "2764"]
[BlackElo "2287"]
[PlyCount "73"]
[EventDate "2023.04.25"]
[EventType "swiss (blitz)"]
[EventRounds "11"]
[EventCountry "USA"]
[SourceTitle "EXT 2024"]
[Source "ChessBase"]
[SourceDate "2023.10.10"]
[SourceVersion "1"]
[SourceVersionDate "2023.10.10"]
[SourceQuality "1"]

1. d4 Nf6 2. c4 c5 3. d5 b5 4. cxb5 a6 5. bxa6 g6 6. Nc3 Bg7 7. e4 0-0 8. Nf3 Qa5 9. Bd2 Bxa6 10. a4 Bxf1 11. Kxf1 Qa6+ 12. Qe2 e6 13. dxe6 fxe6 14. Nb5 Nc6 15. g3 d5 16. exd5 exd5 17. Kg2 Ne4 18. Be3 Rae8 19. Qc2 Nb4 20. Qb3 Qf6 21. Bf4 Kh8 22. Nc7 Rd8 23. h4 Qc6 24. Nb5 Rxf4 25. gxf4 Qe6 26. Nh2 Rf8 27. Rae1 Qf6 28. Qf3 Nd2 29. Qg3 Ne4 30. Qf3 Nd2 31. Qe3 Nc4 32. Qg3 Qxb2 33. Ng4 Nc2 34. Re2 N4a3 35. Nxa3 Nxa3 36. Rxb2 Nc4 37. Re2 1-0

[Event "Titled Tuesday intern op 25th Apr Early"]
[Site "Chess.com INT"]
[Date "2023.04.25"]
[Round "7"]
[White "Salman, Pavel"]
[Black "Buscar, Michael"]
[Result "1-0"]
[WhiteElo "2287"]
[BlackElo "2041"]
[PlyCount "55"]
[EventDate "2023.04.25"]
[EventType "swiss (blitz)"]
[EventRounds "11"]
[EventCountry "USA"]
[SourceTitle "EXT 2024"]
[Source "ChessBase"]
[SourceDate "2023.10.10"]
[SourceVersion "1"]
[SourceVersionDate "2023.10.10"]
[SourceQuality "1"]

1. d4 Nf6 2. Nc3 d5 3. Bf4 e6 4. Nb5 Na6 5. e3 c6 6. Nc3 Nc7 7. Bd3 Bd6 8. Nge2 0-0 9. f3 Nce8 10. Qd2 Bxf4 11. Nxf4 Nd6 12. g4 Qe7 13. 0-0-0 e5 14. dxe5 Qxe5 15. Kb1 Re8 16. Rhe1 Nd7 17. h4 Nc5 18. Bf1 Ne6 19. Nd3 Qf6 20. Qf2 b5 21. g5 Qf5 22. Ne2 Nc4 23. Nd4 Nxd4 24. exd4 Bd7 25. b3 Rxe1 26. Rxe1 Nd6 27. Re5 Qg6 28. Nf4 1-0

[Event "Titled Tuesday intern op 25th Apr Early"]
[Site "Chess.com INT"]
[Date "2023.04.25"]
[Round "2"]
[White "Salman, Pavel"]
[Black "Manon Og, Ramon Jr"]
[Result "0-1"]
[WhiteElo "2287"]
[BlackElo "1999"]
[PlyCount "120"]
[EventDate "2023.04.25"]
[EventType "swiss (blitz)"]
[EventRounds "11"]
[EventCountry "USA"]
[SourceTitle "EXT 2024"]
[Source "ChessBase"]
[SourceDate "2023.10.10"]
[SourceVersion "1"]
[SourceVersionDate "2023.10.10"]
[SourceQuality "1"]

1. d4 Nf6 2. Nc3 d5 3. Bg5 e6 4. e3 Bb4 5. a3 Bxc3+ 6. bxc3 h6 7. Bxf6 Qxf6 8. Nf3 0-0 9. Bd3 b6 10. Ne5 Nd7 11. f4 Nxe5 12. dxe5 Qh4+ 13. g3 Qh3 14. Qf3 c5 15. e4 Bb7 16. c4 dxc4 17. Bf1 Qf5 18. Bg2 Qg6 19. 0-0 Rad8 20. g4 Rd4 21. f5 Qg5 22. Rae1 exf5 23. gxf5 Qh4 24. Qg3 Qxg3 25. hxg3 Re8 26. f6 g6 27. Rd1 Rxe5 28. Rxd4 cxd4 29. Rd1 Bxe4 30. Rxd4 Bxg2 31. Kxg2 Re2+ 32. Kf3 Rxc2 33. Rd8+ Kh7 34. Rd7 g5 35. Rxf7+ Kg6 36. Rxa7 Kxf6 37. Rc7 h5 38. Rc6+ Kf5 39. Rxb6 Rc3+ 40. Kf2 Rxa3 41. Rc6 Rc3 42. Rd6 Kg4 43. Rd4+ Kh3 44. g4 hxg4 45. Rd1 g3+ 46. Kg1 Rd3 47. Rc1 c3 48. Kf1 g2+ 49. Kf2 g4 50. Ra1 g3+ 51. Ke2 Rd2+ 52. Kf3 c2 53. Ra8 Rf2+ 54. Ke4 g1Q 55. Rh8+ Kg2 56. Kd3 Qd1+ 57. Ke4 Re2+ 58. Kf4 c1Q+ 59. Kg4 Re5+ 60. Kh4 Qc4# 0-1

[Event "Titled Tuesday intern op 25th Apr Early"]
[Site "Chess.com INT"]
[Date "2023.04.25"]
[Round "10"]
[White "Salman, Pavel"]
[Black "Samunenkov, Igor"]
[Result "0-1"]
[WhiteElo "2287"]
[BlackElo "2501"]
[PlyCount "110"]
[EventDate "2023.04.25"]
[EventType "swiss (blitz)"]
[EventRounds "11"]
[EventCountry "USA"]
[SourceTitle "EXT 2024"]
[Source "ChessBase"]
[SourceDate "2023.10.10"]
[SourceVersion "1"]
[SourceVersionDate "2023.10.10"]
[SourceQuality "1"]

1. d4 d5 2. Nc3 Nf6 3. Bf4 e6 4. Nb5 Na6 5. e3 Be7 6. Be2 0-0 7. g4 Ne4 8. f3 Bh4+ 9. Kf1 Nf2 10. Qd2 Nxh1 11. Nh3 g5 12. Kg2 gxf4 13. exf4 Nf2 14. Nxf2 Bxf2 15. Kxf2 c6 16. Nc3 Qh4+ 17. Kg2 Bd7 18. Nd1 Kh8 19. c3 f6 20. Qe3 Rae8 21. Nf2 Nc7 22. Rg1 e5 23. dxe5 fxe5 24. fxe5 Ne6 25. Kh1 Nf4 26. Bf1 Qe7 27. Nd3 Nxd3 28. Bxd3 Qxe5 29. Qxa7 Qe3 30. Qxe3 Rxe3 31. Rd1 Rfxf3 32. Bf1 Bxg4 33. Kg2 Rxf1 34. Rxf1 Bh3+ 35. Kf2 Bxf1 36. Kxe3 c5 37. b4 b6 38. a4 d4+ 39. cxd4 cxb4 40. d5 b3 41. d6 Bh3 42. Kd2 Kg7 43. Kc3 Kf6 44. Kxb3 Ke6 45. Kb4 Kxd6 46. a5 bxa5+ 47. Kxa5 Ke5 48. Kb4 Ke4 49. Kc3 Kf3 50. Kd2 Kg2 51. Ke1 Bg4 52. Kd2 Kxh2 53. Ke3 Kg3 54. Kd2 h5 55. Ke1 Kg2 0-1

[Event "Titled Tuesday intern op 04th Apr Early"]
[Site "Chess.com INT"]
[Date "2023.04.04"]
[Round "4"]
[White "Girsh, Daniel"]
[Black "Salman, Pavel"]
[Result "0-1"]
[WhiteElo "2123"]
[BlackElo "2287"]
[PlyCount "56"]
[EventDate "2023.04.04"]
[EventType "swiss (blitz)"]
[EventRounds "11"]
[EventCountry "USA"]
[SourceTitle "EXT 2024"]
[Source "ChessBase"]
[SourceDate "2023.10.10"]
[SourceVersion "1"]
[SourceVersionDate "2023.10.10"]
[SourceQuality "1"]

1. d4 g6 2. c4 Nf6 3. Nf3 c5 4. g3 cxd4 5. Bg2 Bg7 6. 0-0 0-0 7. Nxd4 Nc6 8. Nc3 Nxd4 9. Qxd4 d6 10. Bg5 Be6 11. b3 Nd5 12. Qxg7+ Kxg7 13. cxd5 Bd7 14. Rac1 f6 15. Be3 b6 16. h4 h5 17. Rfd1 Rc8 18. Ne4 Rxc1 19. Rxc1 Qa8 20. Rc7 Rd8 21. Bd4 Qb8 22. Rc3 Rc8 23. Re3 Kf7 24. Kh2 Bf5 25. Nc3 a6 26. Na4 b5 27. Nb6 Rc1 28. a4 Rd1 0-1

[Event "Titled Tuesday intern op 28th Mar Early"]
[Site "Chess.com INT"]
[Date "2023.03.28"]
[Round "8"]
[White "Sahakyan, Aleks"]
[Black "Salman, Pavel"]
[Result "1-0"]
[WhiteElo "2343"]
[BlackElo "2287"]
[PlyCount "153"]
[EventDate "2023.03.28"]
[EventType "swiss (blitz)"]
[EventRounds "11"]
[EventCountry "USA"]
[SourceTitle "EXT 2024"]
[Source "ChessBase"]
[SourceDate "2023.10.10"]
[SourceVersion "1"]
[SourceVersionDate "2023.10.10"]
[SourceQuality "1"]

1. Nc3 g6 2. g3 Bg7 3. Bg2 Nf6 4. Nf3 c6 5. 0-0 0-0 6. e4 d6 7. d4 Nbd7 8. h3 e5 9. dxe5 dxe5 10. Qd6 Re8 11. Rd1 Qe7 12. Qxe7 Rxe7 13. Be3 b6 14. Bf1 Nf8 15. Nd2 Be6 16. Nc4 N6d7 17. Nd6 h6 18. a4 Kh7 19. a5 b5 20. a6 b4 21. Na4 f5 22. f3 b3 23. c3 h5 24. Nc5 Nxc5 25. Bxc5 Rd7 26. Nb7 f4 27. g4 hxg4 28. hxg4 g5 29. Kf2 Kg6 30. Be2 Rxd1 31. Rxd1 Nd7 32. Ba3 Kf7 33. Nd6+ Kf6 34. Nf5 Bf8 35. Bxf8 Nxf8 36. Rd6 c5 37. Rc6 Rc8 38. Rxc8 Bxc8 39. Nd6 Bd7 40. Bc4 Ne6 41. Bxb3 Nc7 42. Bc4 Be6 43. Bxe6 Kxe6 44. Nc8 Nxa6 45. Nxa7 Nc7 46. Nc6 Kd6 47. Na5 Nb5 48. Nc4+ Ke6 49. Ke2 Nc7 50. Kd2 Nb5 51. Kc2 Nc7 52. Kb3 Ne8 53. Ka4 Nf6 54. Kb5 Nd7 55. Kc6 Nf8 56. Kxc5 Ng6 57. b4 Nh4 58. Nd2 Kd7 59. Kd5 Ng2 60. Kxe5 Ne3 61. b5 Nd1 62. c4 Ne3 63. Kf6 Kd6 64. e5+ Kc5 65. Kxg5 Nc2 66. Kxf4 Nd4 67. Ke4 Ne6 68. f4 Nc7 69. f5 Ne8 70. g5 Kb6 71. f6 Kc7 72. g6 Ng7 73. fxg7 Kd7 74. g8Q Ke7 75. Qf7+ Kd8 76. g7 Kc8 77. g8Q# 1-0

[Event "Titled Tuesday intern op 28th Mar Early"]
[Site "Chess.com INT"]
[Date "2023.03.28"]
[Round "4"]
[White "Salman, Pavel"]
[Black "Novikova, Margarita"]
[Result "1-0"]
[WhiteElo "2287"]
[BlackElo "1985"]
[PlyCount "61"]
[EventDate "2023.03.28"]
[EventType "swiss (blitz)"]
[EventRounds "11"]
[EventCountry "USA"]
[SourceTitle "EXT 2024"]
[Source "ChessBase"]
[SourceDate "2023.10.10"]
[SourceVersion "1"]
[SourceVersionDate "2023.10.10"]
[SourceQuality "1"]

1. d4 g6 2. Nc3 Bg7 3. e4 d6 4. h4 h5 5. Bg5 c6 6. Bc4 Qa5 7. Qf3 e6 8. Nge2 b5 9. Bb3 Bb7 10. d5 e5 11. 0-0 c5 12. a4 b4 13. Nb5 Bf8 14. Bf6 Rh7 15. Qg3 Nxf6 16. Qg5 Nbd7 17. c3 a6 18. cxb4 cxb4 19. f4 axb5 20. fxe5 Qb6+ 21. Kh1 Nxe4 22. Qf4 Nec5 23. e6 Ne5 24. Bc2 0-0-0 25. a5 Qa7 26. Qxb4 Ncd3 27. Qxb5 Nf2+ 28. Rxf2 Qxf2 29. a6 Qxh4+ 30. Kg1 Qc4 31. Qxb7# 1-0

[Event "Titled Tuesday intern op 24th Jan Late"]
[Site "Chess.com INT"]
[Date "2023.01.24"]
[Round "1"]
[White "Yoo, Christopher Woojin"]
[Black "Salman, Pavel"]
[Result "1-0"]
[WhiteElo "2584"]
[BlackElo "2287"]
[PlyCount "59"]
[EventDate "2023.01.24"]
[EventType "swiss (blitz)"]
[EventRounds "11"]
[EventCountry "USA"]
[SourceTitle "EXT 2024"]
[Source "ChessBase"]
[SourceDate "2023.10.10"]
[SourceVersion "1"]
[SourceVersionDate "2023.10.10"]
[SourceQuality "1"]

1. Nf3 c5 2. b3 Nf6 3. Bb2 b6 4. g3 Bb7 5. Bg2 e6 6. 0-0 Be7 7. c4 0-0 8. e3 a6 9. Nc3 Qc7 10. d4 cxd4 11. exd4 d6 12. d5 e5 13. Nh4 Re8 14. Nf5 Bf8 15. Qd2 Nbd7 16. Rfe1 g6 17. Nh6+ Bxh6 18. Qxh6 Nc5 19. Rad1 Ng4 20. Qh4 h5 21. Bc1 Kg7 22. b4 Nd7 23. Ne4 f5 24. Ng5 Ndf6 25. h3 Nh6 26. Ne6+ Rxe6 27. dxe6 Nhg8 28. Bxb7 Qxb7 29. Rxd6 e4 30. Bb2 1-0

[Event "Titled Tuesday intern op 17th Jan Early"]
[Site "Chess.com INT"]
[Date "2023.01.17"]
[Round "8"]
[White "Salman, Pavel"]
[Black "Vaglio Munoz, Jaime"]
[Result "1-0"]
[WhiteElo "2287"]
[BlackElo "2174"]
[PlyCount "61"]
[EventDate "2023.01.17"]
[EventType "swiss (blitz)"]
[EventRounds "11"]
[EventCountry "USA"]
[SourceTitle "CBM 212 Extra"]
[Source "ChessBase"]
[SourceDate "2023.03.31"]
[SourceVersion "1"]
[SourceVersionDate "2023.03.31"]
[SourceQuality "1"]

1. d4 c6 2. Nf3 b5 3. g3 d5 4. Bg2 Bg4 5. 0-0 Nd7 6. b3 e6 7. c4 b4 8. Bf4 Ngf6 9. Ne5 Nxe5 10. dxe5 Nd7 11. Nd2 Be7 12. h3 Bf5 13. e4 dxe4 14. Nxe4 0-0 15. Nd6 Bxd6 16. exd6 e5 17. Be3 Qc8 18. c5 a5 19. Qf3 Ra6 20. Qxf5 g6 21. Qd3 f5 22. Bh6 Rf7 23. Rfe1 e4 24. Qc4 Ra8 25. Bf1 Ne5 26. Qc2 Nf3+ 27. Kg2 Raa7 28. Bc4 g5 29. Qb2 Qf8 30. Bxf8 Kxf8 31. Qh8# 1-0

[Event "Titled Tuesday intern op 17th Jan Early"]
[Site "Chess.com INT"]
[Date "2023.01.17"]
[Round "3"]
[White "Zampronha, Wladimir Camilo"]
[Black "Salman, Pavel"]
[Result "0-1"]
[WhiteElo "2164"]
[BlackElo "2287"]
[PlyCount "58"]
[EventDate "2023.01.17"]
[EventType "swiss (blitz)"]
[EventRounds "11"]
[EventCountry "USA"]
[SourceTitle "CBM 212 Extra"]
[Source "ChessBase"]
[SourceDate "2023.03.31"]
[SourceVersion "1"]
[SourceVersionDate "2023.03.31"]
[SourceQuality "1"]

1. e4 c5 2. Nf3 e6 3. d4 cxd4 4. Nxd4 a6 5. Bd3 Bc5 6. Nb3 Ba7 7. Qg4 Nf6 8. Qg3 0-0 9. 0-0 d6 10. Be3 Nc6 11. Bxa7 Rxa7 12. Nc3 b5 13. Rad1 Rd7 14. a4 b4 15. Ne2 Bb7 16. Rfe1 Ne5 17. Ned4 Qb6 18. Kh1 Qd8 19. f4 Nh5 20. Qf2 Ng4 21. Qf3 Qh4 22. h3 Nf2+ 23. Kg1 Nxd1 24. Rxd1 Nxf4 25. Na5 Ba8 26. Nac6 Rc7 27. Nxb4 f5 28. g3 Nxh3+ 29. Kg2 Qh6 0-1

[Event "Titled Tuesday intern op 10th Jan Early"]
[Site "Chess.com INT"]
[Date "2023.01.10"]
[Round "1"]
[White "Rakhmanov, Alexander"]
[Black "Salman, Pavel"]
[Result "1-0"]
[WhiteElo "2635"]
[BlackElo "2287"]
[PlyCount "143"]
[EventDate "2023.01.10"]
[EventType "swiss (blitz)"]
[EventRounds "11"]
[EventCountry "USA"]
[SourceTitle "EXT 2024"]
[Source "ChessBase"]
[SourceDate "2023.10.10"]
[SourceVersion "1"]
[SourceVersionDate "2023.10.10"]
[SourceQuality "1"]

1. d4 Nf6 2. c4 c5 3. d5 b5 4. cxb5 a6 5. b6 e6 6. Nc3 Nxd5 7. Nxd5 exd5 8. Qxd5 Nc6 9. e4 Be7 10. Bc4 0-0 11. Nf3 Rb8 12. Bd2 Rxb6 13. Bc3 d6 14. 0-0 Be6 15. Qd3 Bf6 16. Bxf6 Qxf6 17. Bxe6 Qxe6 18. b3 Ne5 19. Nxe5 Qxe5 20. Rad1 Re8 21. f3 h6 22. Qc4 Re6 23. Rd5 Qb2 24. Qa4 Rg6 25. g3 Kh7 26. Rf2 Qc3 27. Kg2 Re6 28. Qd7 Qf6 29. Rf5 Qe7 30. Rxf7 Qxd7 31. Rxd7 Kg6 32. g4 Kf6 33. h4 g5 34. Rd2 gxh4 35. Kh3 a5 36. Kxh4 Ke5 37. Kg3 Rf6 38. Re7+ Re6 39. Rd5+ Kf6 40. Ra7 Re8 41. Rxa5 Rc8 42. Ra7 Ke6 43. Rh7 c4 44. bxc4 Rxc4 45. Rxh6+ Kd7 46. Rh7+ Kc6 47. Rh6 Kc7 48. g5 Rc2 49. g6 Rxa2 50. g7 Ra8 51. Rh8 Rbb8 52. Rxb8 Rxb8 53. Kg4 Rg8 54. Rg5 Kd7 55. Kh5 Ke7 56. Kg6 Ke6 57. Rf5 Ra8 58. Rf8 Ra1 59. g8Q+ Ke5 60. Re8+ Kf4 61. Qf7+ Ke3 62. Qf5 Rg1+ 63. Kf6 Rh1 64. Qg5+ Kd3 65. Ke6 Ke2 66. Kxd6 Rd1+ 67. Ke6 Ra1 68. Qd5 Kxf3 69. Qf5+ Ke3 70. Qc5+ Kf3 71. Rf8+ Kxe4 72. Qe5+ 1-0